00460 2200157 4500245003700000250001100037100002100048650004700069005001900116260006000135041001400195084000800209500003800217490003800255336000900293 aGeograficAnastasia YuwonohText aCet. 1 aAnastasia Yuwono aPustaka Pengetahuan dan Teknologi,Geografi a20231116090512 aJakartabPT.ENSIKLOPEDIA NASIONAL INDONESIA (ENI)c2012 aIndonesia a503 aDaftar isi : Bumi,Australia,Eropa aPustaka Pengetahuan dan Teknologi atext